000 00537nam a2200193Ia 4500
008 220531s9999 xx 000 0 und d
041 _amar
082 _bSIR
100 _aसिरसट, प्रकाश
_985283
245 _aदलित चळवळ: आकलनाच्या दिशेने
250 _a1ST
260 _aPune
_bHariti
_c2016
300 _a80
542 _d20-03-2017
551 _aSociology
_bGrantable-SCO
650 _aSociology
_985284
906 _d2016-2017
_f10544
999 _c46886
_d46886